<?xml version="1.0" encoding="UTF-8"?>
<record
    xmlns:xsi="http://www.w3.org/2001/XMLSchema-instance"
    xsi:schemaLocation="http://www.loc.gov/MARC21/slim http://www.loc.gov/standards/marcxml/schema/MARC21slim.xsd"
    xmlns="http://www.loc.gov/MARC21/slim">

  <leader>00286nam a22001337a 4500</leader>
  <controlfield tag="003">SGT</controlfield>
  <datafield tag="082" ind1=" " ind2=" ">
    <subfield code="a">510,KAU</subfield>
  </datafield>
  <datafield tag="100" ind1=" " ind2=" ">
    <subfield code="a">KAUR, H</subfield>
  </datafield>
  <datafield tag="245" ind1=" " ind2=" ">
    <subfield code="a">CHROM ATOGRAPHY</subfield>
  </datafield>
  <datafield tag="260" ind1=" " ind2=" ">
    <subfield code="a">NEW DELHI</subfield>
    <subfield code="b">PRAGATI PRAKASHAN MEERUT</subfield>
    <subfield code="c">2016</subfield>
  </datafield>
  <datafield tag="300" ind1=" " ind2=" ">
    <subfield code="a">156</subfield>
  </datafield>
  <datafield tag="650" ind1=" " ind2=" ">
    <subfield code="a">MATHAMETICS</subfield>
  </datafield>
  <datafield tag="942" ind1=" " ind2=" ">
    <subfield code="2">ddc</subfield>
    <subfield code="c">FPS</subfield>
    <subfield code="0">11</subfield>
  </datafield>
  <datafield tag="952" ind1=" " ind2=" ">
    <subfield code="0">0</subfield>
    <subfield code="1">0</subfield>
    <subfield code="2">ddc</subfield>
    <subfield code="4">0</subfield>
    <subfield code="7">0</subfield>
    <subfield code="8">FS</subfield>
    <subfield code="a">SSSL</subfield>
    <subfield code="b">SSSL</subfield>
    <subfield code="c">TXT</subfield>
    <subfield code="d">2016-11-24</subfield>
    <subfield code="e">PRAGATI PRAKASHAN</subfield>
    <subfield code="g">220.00</subfield>
    <subfield code="i">SGTU</subfield>
    <subfield code="l">1</subfield>
    <subfield code="o">510,KAU</subfield>
    <subfield code="p">PS2651</subfield>
    <subfield code="r">2022-02-16 00:00:00</subfield>
    <subfield code="s">2021-12-25</subfield>
    <subfield code="w">2016-09-26</subfield>
    <subfield code="y">FPS</subfield>
    <subfield code="k">7099</subfield>
  </datafield>
  <datafield tag="952" ind1=" " ind2=" ">
    <subfield code="0">0</subfield>
    <subfield code="1">0</subfield>
    <subfield code="2">ddc</subfield>
    <subfield code="4">0</subfield>
    <subfield code="7">0</subfield>
    <subfield code="8">FS</subfield>
    <subfield code="a">SSSL</subfield>
    <subfield code="b">SSSL</subfield>
    <subfield code="c">TXT</subfield>
    <subfield code="d">2016-11-24</subfield>
    <subfield code="e">PRAGATI PRAKASHAN</subfield>
    <subfield code="g">220.00</subfield>
    <subfield code="i">SGTU</subfield>
    <subfield code="l">0</subfield>
    <subfield code="o">510,KAU</subfield>
    <subfield code="p">PS2652</subfield>
    <subfield code="r">2016-11-24 00:00:00</subfield>
    <subfield code="w">2016-09-26</subfield>
    <subfield code="y">FPS</subfield>
    <subfield code="k">7099</subfield>
  </datafield>
  <datafield tag="952" ind1=" " ind2=" ">
    <subfield code="0">0</subfield>
    <subfield code="1">0</subfield>
    <subfield code="2">ddc</subfield>
    <subfield code="4">0</subfield>
    <subfield code="7">0</subfield>
    <subfield code="8">FS</subfield>
    <subfield code="a">SSSL</subfield>
    <subfield code="b">SSSL</subfield>
    <subfield code="c">TXT</subfield>
    <subfield code="d">2016-11-24</subfield>
    <subfield code="e">PRAGATI PRAKASHAN</subfield>
    <subfield code="g">220.00</subfield>
    <subfield code="i">SGTU</subfield>
    <subfield code="l">6</subfield>
    <subfield code="o">510,KAU</subfield>
    <subfield code="p">PS2653</subfield>
    <subfield code="r">2022-08-04 00:00:00</subfield>
    <subfield code="s">2022-08-04</subfield>
    <subfield code="w">2016-09-26</subfield>
    <subfield code="y">FPS</subfield>
    <subfield code="k">7099</subfield>
  </datafield>
  <datafield tag="952" ind1=" " ind2=" ">
    <subfield code="0">0</subfield>
    <subfield code="1">0</subfield>
    <subfield code="2">ddc</subfield>
    <subfield code="4">0</subfield>
    <subfield code="7">0</subfield>
    <subfield code="8">FS</subfield>
    <subfield code="a">SSSL</subfield>
    <subfield code="b">SSSL</subfield>
    <subfield code="c">TXT</subfield>
    <subfield code="d">2016-11-24</subfield>
    <subfield code="e">PRAGATI PRAKASHAN</subfield>
    <subfield code="g">220.00</subfield>
    <subfield code="i">SGTU</subfield>
    <subfield code="l">6</subfield>
    <subfield code="o">510,KAU</subfield>
    <subfield code="p">PS2654</subfield>
    <subfield code="r">2023-07-18 00:00:00</subfield>
    <subfield code="s">2023-07-03</subfield>
    <subfield code="w">2016-09-26</subfield>
    <subfield code="y">FPS</subfield>
    <subfield code="k">7099</subfield>
  </datafield>
  <datafield tag="999" ind1=" " ind2=" ">
    <subfield code="c">10018</subfield>
    <subfield code="d">10018</subfield>
  </datafield>
</record>
